All Heart of Wales Line Stations (UK Railways) - Statistics

General Stats
  • This quiz has been taken 64 times
  • The average score is 15 of 34
Answer Stats
Station % Correct
Shrewsbury
86%
Swansea
86%
Llanelli
80%
Craven Arms
70%
Sugar Loaf
59%
Church Stretton
55%
Ammanford
52%
Knighton
52%
Llandovery
52%
Llandrindod
52%
Builth Road
50%
Gowerton
48%
Llandeilo
45%
Knucklas
43%
Pontarddulais
41%
Hopton Heath
39%
Broome
36%
Cynghordy
36%
Llanwrtyd
36%
Garth
34%
Llangammarch
34%
Llanwrda
34%
Pen-y-Bont
34%
Bynea
32%
Cilmeri
32%
Llanbister Road
32%
Llandybie
32%
Llangadog
32%
Bucknell
30%
Dolau
30%
Ffairfach
30%
Llangennech
30%
Llangynllo
25%
Pantyffynnon
23%
No matching quizzes found
Score Distribution
Percent of People with Each Score
Percentile by Number Answered
Your Score History
You have not taken this quiz